000 00441nam a2200169Ia 4500
008 230524s9999 xx 000 0 und d
020 _a9788173719776
082 _bRED
100 _aY Mallikarjuna Reddy
_942739
245 0 _aElectromagnetic Waves & Transmission Lines
250 _a2
260 _aNew Delhi
_bUniversities Press
_c2016
300 _a"XII,681p;"
500 _aQuantity Number: 1
650 _aElectrical
942 _cBK
999 _c57721
_d57721